|
|
|
|
| LEADER |
00000nam0a2200000 4500 |
| 001 |
270570 |
| 005 |
20231101234346.0 |
| 035 |
|
|
|a (RuTPU)RU\TPU\book\293751
|
| 090 |
|
|
|a 270570
|
| 100 |
|
|
|a 20140929d1987 k y0rusy50 ca
|
| 101 |
0 |
|
|a rus
|
| 102 |
|
|
|a RU
|
| 105 |
|
|
|a y z 001zy
|
| 200 |
1 |
|
|a Общественное сознание и внешняя политика США
|f Академия наук СССР (АН СССР), Институт США и Канады (ИСК) ; под ред. Ю. А. Замошкина
|
| 210 |
|
|
|a Москва
|c Наука
|d 1987
|
| 215 |
|
|
|a 280 с.
|
| 320 |
|
|
|a Библиогр.: с. 274-276
|
| 606 |
1 |
|
|a США
|x Внутренняя политика
|2 stltpush
|3 (RuTPU)RU\TPU\subj\58468
|9 76257
|
| 606 |
1 |
|
|a Внешняя политика США
|2 stltpush
|3 (RuTPU)RU\TPU\subj\2634
|9 31175
|
| 610 |
1 |
|
|a общественное сознание
|
| 610 |
1 |
|
|a политическое сознание
|
| 610 |
1 |
|
|a политическая идеология
|
| 610 |
1 |
|
|a культурно-политические традиции
|
| 610 |
1 |
|
|a 20 век
|
| 686 |
|
|
|a Ф3(7США)
|v LBC/SL-A
|2 rubbk
|
| 686 |
|
|
|a Ф4(7США)
|v LBC/SL-A
|2 rubbk
|
| 702 |
|
1 |
|a Замошкин
|b Ю. А.
|4 340
|
| 712 |
0 |
2 |
|a Академия наук СССР (АН СССР)
|b Институт США и Канады (ИСК)
|c (Москва)
|2 stltpush
|3 (RuTPU)RU\TPU\col\4141
|
| 801 |
|
1 |
|a RU
|b 63413507
|c 20140929
|
| 801 |
|
2 |
|a RU
|b 63413507
|c 20161205
|g RCR
|
| 942 |
|
|
|c BK
|